000 00606nam a2200229Ia 4500
008 210210b1966 xxu||||| |||| 00| 0 eng d
082 _a040/108
100 _aHUXLEY (Julian) and Others. Ed.
245 _aDoubleday pictorial library of growth of ideas: knowledge, thought, imagination.
260 _aNew York
_bDoubleday and Company
_c1966
300 _a365
650 _athought,
650 _apictorial
650 _alibrary
650 _aknowledge,
650 _aimagination.
650 _aideas:
650 _agrowth
650 _aDoubleday
690 _aEncyclopaedia
906 _a000318
999 _c76833
_d76833